Fr. Conceicao Rodrigues College of Engineering

Discrete Mathematics for Computer Science (Record no. 19776)

MARC details
000 -LEADER
fixed length control field 00355nam a2200157Ia 4500
082 ## - DEWEY DECIMAL CLASSIFICATION NUMBER
Classification number 003.3/HAG
Item number HAG
100 ## - MAIN ENTRY--PERSONAL NAME
Personal name Haggard/Gary/ Schlip F.J
245 ## - TITLE STATEMENT
Title Discrete Mathematics for Computer Science
260 ## - PUBLICATION, DISTRIBUTION, ETC.
Name of publisher, distributor, etc. Cengage Learning
Date of publication, distribution, etc. 2006
366 ## - TRADE AVAILABILITY INFORMATION
Publishers's discount category 17.5
300 ## - PHYSICAL DESCRIPTION
Extent 600
546 ## - LANGUAGE NOTE
Language note ENGLISH
650 ## - SUBJECT ADDED ENTRY--TOPICAL TERM
Topical term or geographic name entry element Mathematics
942 ## - ADDED ENTRY ELEMENTS (KOHA)
Koha item type BOOK
Holdings
Withdrawn status Lost status Damaged status Not for loan Collection Home library Current library Date acquired Source of acquisition Cost, normal purchase price Inventory number Total Checkouts Full call number Barcode Date last seen Date last checked out Cost, replacement price Price effective from Koha item type
        CRC Fr. Agnel's C.Rodrigues College of Engineering Fr. Agnel's C.Rodrigues College of Engineering 17/03/2023 Educational books and periodicals 357.23 258 dt 27/04/2009 3 003.3/HAG HAG 19555 12/12/2025 04/07/2025 433.00   BOOK